=LDR 00000nam 2200000 4500 =001 INLIS000000000024233 =005 20161010141959.0 =006 =007 =008 Ind =035 ##$$0010-061300000024233 =041 ##$$a Ind =082 ##$$a 028.5 =090 ##$$a 028.56, War a =100 ##$$a Wardhana, Eka =245 ##$$a 6aAku bisa mandi sendiri, Eka Wardhana, Iwan Yuswandi =260 ##$$a 2003 $b Bandung =300 ##$$a 23 hlm, ilus, 18 cm =650 ##$$a Bacaan Anak-anak =850 ##$$a NBPNMAT